000 00603nam a22001937a 4500
003 OSt
008 260627b |||||||| |||| 00| 0 eng d
020 _a9798885751551
082 _a508.54
_bC49H
100 _aChauhan, Bhag Chand
245 _aThe History and Culture of Science in Bharata, Vol-II
_cChauhan, Bhag Chand
260 _aGurugram, Haryana
_bGaruda Prakashan
_c2024
300 _axlvii., 453 p.
365 _e799.00, INR
650 _aScience $z India $x History.
650 _aScience and civilization $x History.
650 _aScience $x Social aspects $z India.
942 _2ddc
_cBK
999 _c52391
_d52391